Statistics for If I Die Young- The Band Perry Lyrics

Click here to take the quiz!

General Stats

  • This quiz has been taken 267 times
    (215 since last reset)
  • The average score is 268 of 355

Answer Stats

Lyrics% Correct
If
100%
You
100%
Die
100%
Young
100%
I
100%
Of
99%
A
99%
Me
99%
In
99%
Down
98%
Love
98%
Roses
98%
Be
98%
The
98%
Lay
97%
On
97%
Bed
97%
River
96%
So
96%
Song
95%
With
95%
Bury
93%
At
92%
Away
91%
Words
91%
Send
91%
Satin
89%
Dawn
89%
Sink
84%
My
78%
Oh
78%
And
77%
Life
76%
Short
74%
I'll
74%
When
74%
He
73%
Time
72%
Your
72%
I've
70%
To
70%
Just
70%
Knife
70%
I'm
69%
Had
69%
Her
68%
Enough
68%
Sharp
68%
Mother
68%
Go
66%
She
66%
Know
65%
Make
65%
Wear
65%
It
64%
Rainbow
64%
For
64%
Under
62%
Well
61%
No
61%
But
61%
What
61%
Shine
60%
White
60%
Put
59%
Boy
59%
Colors
59%
Safe
58%
Baby
58%
Wearing
58%
Lord
58%
She'll
57%
Was
57%
Best
57%
You're
57%
Think
57%
Come
57%
Have
56%
As
56%
Who
55%
Thought
55%
Would
55%
Never
55%
Kingdom
55%
Into
55%
Man
55%
Always
55%
By
55%
Could
55%
Is
54%
Forever
54%
Stands
54%
Here
53%
Little
53%
Hand
53%
Pearls
53%
Finger
53%
Ain't
53%
'em
51%
More
51%
Buries
51%
Holding
51%
He'll
50%
Cold
50%
Even
49%
Been
49%
Says
49%
Ring
49%
Much
49%
People
49%
Sure
49%
Felt
49%
Dead
49%
There's
49%
Start
49%
Nice
48%
Penny
48%
Listening
48%
Dollar
48%
Hear
47%
You'll
47%
Then
47%
How
47%
After
47%
Green
47%
Boys
47%
Sell
47%
Severed
47%
Loving
47%
Ought
46%
Goner
46%
Funny
46%
Town
46%
Grey
46%
Known
45%
Maybe
45%
Thoughts
45%
Did
45%
Singing
44%
Done
43%
They're
43%
Worth
42%
Gonna
39%
Save
39%
Pocket
38%
Need
38%
Keep
37%
Up
36%
Really
35%
Tears
34%
Peace
32%
Gather
30%
Dove
27%
Ballad
27%

Score Distribution

Percentile by Number Answered

Percent of People with Each Score

Your Score History

You have not taken this quiz since the last reset